Countries That Begin With 'T' - Statistics

General Stats
  • This quiz has been taken 75 times
  • The average score is 7 of 12
Answer Stats
Answer % Correct
Turkey
77%
Thailand
74%
Turkmenistan
72%
Trinidad and Tobago
64%
Togo
57%
Taiwan
56%
Tanzania
56%
Tajikistan
54%
Tonga
54%
Tuvalu
54%
Tunisia
39%
Timor-Leste (East Timor)
18%
No matching quizzes found
Score Distribution
Percent of People with Each Score
Percentile by Number Answered
Your Score History
You have not taken this quiz